| 000 | 00878nas a2200265 a 4500 | ||
|---|---|---|---|
| 001 | 5579 | ||
| 003 | CDMR | ||
| 005 | 20151130101955.0 | ||
| 008 | 130130u1995||||sp ||||||||||||||||cat|d | ||
| 022 | _a2013-7370 | ||
| 040 |
_aCDMR _bcat _cCPC GIRONA |
||
| 245 | 0 | 0 | _aSuplement de la imatge |
| 260 |
_c1996- _bUPIFC _aBarcelona |
||
| 300 |
_bil. _c24 cm _anúm. |
||
| 362 | _aNúm. 5 (jul. 1996) - | ||
| 500 | _aNúm. 1 de Suplement de la imatge acompanya L'agenda de la imatge, Any II, núm. 5 | ||
| 500 | _aSegueix la numeració de l'Agenda de la imatge | ||
| 650 | 0 | 4 |
_93899 _aFotografia _vRevistes |
| 650 | 0 | 4 |
_91270 _aFotoperiodisme |
| 650 | 0 | 4 |
_93492 _aRelacions laborals |
| 650 | 0 | 4 |
_94580 _aButlletins d'informació |
| 710 | 2 |
_92834 _aUnió de Professionals de la Imatge i Fotografia de Catalunya |
|
| 772 | 0 |
_x2013-3200 _tL'agenda de la imatge _w5540 |
|
| 942 |
_cSER _2udc |
||
| 999 |
_c5579 _d5579 |
||